Viac ako len "páči sa mi to"
Facebook - platforma, kde stretávame kolegov, známych, ale aj súčasných a potenciálnych klientov. Lojalita zákazníkov, alebo "retencia" (retain), nasleduje ako ďalší krok po tom, ako si klienta získame.
Na minha lista:
| Autor principal: | |
|---|---|
| Formato: | Capítulo de Livro |
| Idioma: | eslovaco |
| Assuntos: | |
| Tags: |
Sem tags, seja o primeiro a adicionar uma tag!
|
MARC
| LEADER | 00000naa a2200000 4500 | ||
|---|---|---|---|
| 001 | 0165613 | ||
| 005 | 20230912102428.3 | ||
| 041 | 0 | |a slo | |
| 044 | |a SK | ||
| 245 | 1 | 0 | |a Viac ako len "páči sa mi to" |c Zuzana Fraňová |
| 520 | |a Facebook - platforma, kde stretávame kolegov, známych, ale aj súčasných a potenciálnych klientov. Lojalita zákazníkov, alebo "retencia" (retain), nasleduje ako ďalší krok po tom, ako si klienta získame. | ||
| 610 | 2 | 0 | |a siete sociálne |
| 610 | 2 | 0 | |a stránky webové |
| 610 | 2 | 0 | |a distribúcia informácií |
| 610 | 2 | 0 | |a komunikácia elektronická |
| 610 | 2 | 0 | |a internet |
| 610 | 2 | 0 | |a lojálnosť zákazníkov |
| 100 | 1 | |a Fraňová, Zuzana | |